Central Library OPAC University of Rajshahi

Theory and practice of psychological testing / (Record no. 30309)

MARC details
000 -LEADER
fixed length control field 00797cam a22002531 4500
001 - CONTROL NUMBER
control field 30309
003 - CONTROL NUMBER IDENTIFIER
rucl marc code BD-RjUL
005 - DATE AND TIME OF LATEST TRANSACTION
control field 20211209051538.0
008 - FIXED-LENGTH DATA ELEMENTS--GENERAL INFORMATION
fixed length control field 140409r19711965ii a b 001 0 eng d
035 ## - SYSTEM CONTROL NUMBER
System control number (BD-RjUL)30394
040 ## - CATALOGING SOURCE
Original cataloging agency DLC
Transcribing agency DLC
Modifying agency DLC
-- BD-RjUL
Language of cataloging eng
041 ## - LANGUAGE CODE
Language code of text/sound track or separate title eng
082 00 - DEWEY DECIMAL CLASSIFICATION NUMBER
Classification number 151.2
Author mark and year FRT 1971
100 1# - MAIN ENTRY--PERSONAL NAME
Personal name Freeman, Frank S.
Fuller form of name (Frank Samuel),
Dates associated with a name 1898-
9 (RLIN) 17274
245 00 - TITLE STATEMENT
Title Theory and practice of psychological testing /
Statement of responsibility, etc. Frank S. Freeman
250 ## - EDITION STATEMENT
Edition statement 3d ed. Indian
260 ## - PUBLICATION, DISTRIBUTION, ETC. (IMPRINT)
Place of publication, distribution, etc. New Delhi :
Name of publisher, distributor, etc. Oxford University Press,
Date of publication, distribution, etc. 1965 [Reprinted 1971]
300 ## - PHYSICAL DESCRIPTION
Pagination 697 p. :
Illustrations illus. ;
Size 24 cm.
504 ## - BIBLIOGRAPHY, ETC. NOTE
Bibliography, etc Includes bibliography. and Index
650 #0 - SUBJECT ADDED ENTRY--TOPICAL TERM
Topical term or geographic name as entry element Educational tests and measurements.
9 (RLIN) 92140
942 ## - ADDED ENTRY ELEMENTS (KOHA)
Source of classification or shelving scheme Dewey Decimal Classification
Koha item type Books
Holdings
Lost status Source of classification or shelving scheme Damaged status Not for loan Collection code Permanent Location Current Location Shelving location Date acquired Source of acquisition Total Checkouts Full call number Date last seen Copy number Koha item type Cost, normal purchase price Date checked out
  Dewey Decimal Classification     Non-fiction Central Library, University of Rajshahi Central Library, University of Rajshahi   03/07/1976 U. S. I .S. Dhaka Gift   151.2 FRT 1971 09/04/2014 C-8 Books    
  Dewey Decimal Classification     Non-fiction Central Library, University of Rajshahi Central Library, University of Rajshahi   05/02/2008 Paragon Enterprises Ltd. 2 151.2 FRT 1965 25/03/2017 C-10 Books 240.00 07/03/2017
  Dewey Decimal Classification   Not For Loan Non-fiction Central Library, University of Rajshahi Central Library, University of Rajshahi Reading Room 03/07/1976 USIS   151.2 FRT 1971 26/12/2016 C-1 Books